عرض عادي
عرض مارك
مدخل Personal Name
001 - CONTROL NUMBER
- control field: 10473
003 - CONTROL NUMBER IDENTIFIER
- control field: DLC
005 - DATE AND TIME OF LATEST TRANSACTION
- control field: 20260101140727.0
008 - FIXED-LENGTH DATA ELEMENTS
- fixed length control field: 000517n| azannaabn |n aaa
010 ## - LIBRARY OF CONGRESS CONTROL NUMBER
- LC control number: n 00037941
040 ## - CATALOGING SOURCE
- Original cataloging agency: DLC
- Language of cataloging: eng
- Transcribing agency: DLC
- Description conventions: rda
- Modifying agency: DLC
100 1# - HEADING--PERSONAL NAME
- Personal name: Bayoumi, Moustafa
373 ## - ASSOCIATED GROUP
- Associated group: Columbia University
- Associated group: Brooklyn College
377 ## - ASSOCIATED LANGUAGE
- Language code: eng
500 ## - SEE ALSO FROM TRACING--PERSONAL NAME
- Personal name: بيومي، مصطفى
670 ## - SOURCE DATA FOUND
- Source citation: Said, Edward W. The Edward Said reader, 2000:
- Information found: CIP t.p. (Moustafa Bayoumi) colophon (PhD from Dept. of English and Comp. Lit., Columbia Univ.; asst. prof of English, Brooklyn College, CUNY)
670 ## - SOURCE DATA FOUND
- Source citation: Phone call to Vintage Press, 04-19-01
- Information found: (author does not write in Arabic; not the same as: Bayyūmī, Muṣṭafá (literary critic))
905 ## - cataloger
- cataloger: Auth_BKS